00780nam a22001697a 4500999001500000003000400015008004100019020001800060100004200078245009000120260003700210300001000247650002200257942001200279952016000291952015900451 c9166d9166OSt201119b ||||| |||| 00| 0 eng d a9788170189411 aRao, A.V. Krishan & Madhavi Menon, K. aKamala Markandayab A critical study of her novels, 1954-1982 (Indian writers series) aNew DelhibB.R. Publishingc2017 a200p. aB.A Hons. English 2ddccBK 00102ddc40708BAHONSENGaPIETNCRbPIETNCRd2020-11-19eKirti PrakashanfIn Rupeesg495.00kIN 417l0pN521r2020-11-19 00:00:00v346.50w2020-09-03yREF 00102ddc40708BAHONSENGaPIETNCRbPIETNCRd2020-11-19eKirti PrakashanfIn Rupeesg495.00kIN 417l0pN522r2020-11-19 00:00:00v346.50w2020-09-03yBK